[Event "4. Moscu Open 2008"]
[Site "Moscu RUS"]
[Date "2008.02.08"]
[Round "7.35"]
[White "Khairullin, Ildar"]
[Black "Ajrapetian, Gevorg"]
[Result "1-0"]
[WhiteElo "2544"]
[BlackElo "2298"]
[PlyCount "59"]
[EventDate "2008.02.02"]
[EventType "swiss"]
[EventRounds "9"]
[EventCountry "RUS"]
[Source "lmi"]
[SourceDate "2008.02.02"]

1. e4 c5 2. Nf3 e6 3. d4 cxd4 4. Nxd4 a6 5. Bd3 Nf6 6. O-O Qc7 7. Qe2 d6 8. c4
Be7 9. Nc3 O-O 10. f4 Nbd7 11. Kh1 b6 12. b3 Bb7 13. Bb2 g6 14. f5 e5 15. Nc2
Nc5 16. Nb4 b5 17. cxb5 axb5 18. Bc2 Qa5 19. a3 Rac8 20. Rad1 Qb6 21. h3 Nh5
22. Kh2 Bg5 23. Nbd5 Qd8 24. g3 Bh6 25. b4 Bxd5 26. Rxd5 Nd7 27. Rxd6 Qg5 28.
Qd3 Nb8 29. Bb3 Rfe8 30. Nd5 1-0

[Event "4. Moscu Open 2008"]
[Site "Moscu RUS"]
[Date "2008.02.08"]
[Round "7.36"]
[White "Ivanov, Oleg V"]
[Black "Vorobiov, Evgeny E"]
[Result "1/2-1/2"]
[WhiteElo "2454"]
[BlackElo "2537"]
[PlyCount "70"]
[EventDate "2008.02.02"]
[EventType "swiss"]
[EventRounds "9"]
[EventCountry "RUS"]
[Source "lmi"]
[SourceDate "2008.02.02"]

1. e4 c5 2. Nf3 e6 3. d4 cxd4 4. Nxd4 Nc6 5. Nc3 d6 6. Be2 Nf6 7. O-O Be7 8.
Be3 O-O 9. Kh1 a6 10. f4 Qc7 11. a4 Re8 12. Bd3 Nb4 13. Qf3 Bd7 14. Qg3 Nxd3
15. cxd3 Rac8 16. e5 Nh5 17. Qf3 g6 18. g4 Ng7 19. Ne4 Qd8 20. exd6 Bf8 21. f5
exf5 22. gxf5 gxf5 23. Bg5 Rxe4 24. Bxd8 Rxd4 25. Bf6 Rxd6 26. Bxg7 Bc6 27. Be5
Rg6 28. Qxc6 Rcxc6 29. Rxf5 Bg7 30. Raf1 Bxe5 31. Rxe5 Rb6 32. Rf2 Rb3 33. Rd5
Rgb6 34. Rd7 Rxb2 35. Rfxf7 Rh6 1/2-1/2

[Event "4. Moscu Open 2008"]
[Site "Moscu RUS"]
[Date "2008.02.08"]
[Round "7.37"]
[White "Krylov, Mikhail"]
[Black "Kharitonov, Alexandr"]
[Result "0-1"]
[WhiteElo "2371"]
[BlackElo "2524"]
[PlyCount "92"]
[EventDate "2008.02.02"]
[EventType "swiss"]
[EventRounds "9"]
[EventCountry "RUS"]
[Source "lmi"]
[SourceDate "2008.02.02"]

1. d4 d5 2. c4 c6 3. Nf3 Nf6 4. Nc3 dxc4 5. e4 b5 6. e5 Nd5 7. a4 e6 8. axb5
Nxc3 9. bxc3 cxb5 10. Ng5 Bb7 11. Qh5 g6 12. Qg4 Be7 13. Be2 h5 14. Qg3 Bd5 15.
Bf3 a5 16. Be4 Bxe4 17. Nxe4 Qd5 18. f3 h4 19. Qg4 Nd7 20. Bg5 Nxe5 21. dxe5
Qxe5 22. Bxe7 Kxe7 23. O-O Qf5 24. Rfb1 Qxg4 25. fxg4 f5 26. gxf5 gxf5 27. Ng5
b4 28. cxb4 axb4 29. Rxa8 Rxa8 30. Rxb4 Rc8 31. Rb6 Kd7 32. Nf3 c3 33. Rb1 h3
34. gxh3 Kd6 35. Kf2 e5 36. Ke1 c2 37. Rc1 Rc3 38. Kf2 e4 39. Ne1 Rxh3 40. Kg1
f4 41. Nxc2 Rc3 42. Rd1+ Ke5 43. Nb4 e3 44. h4 Rc4 45. Nd3+ Ke4 46. Kf1 f3 0-1

[Event "4. Moscu Open 2008"]
[Site "Moscu RUS"]
[Date "2008.02.08"]
[Round "7.39"]
[White "Gutov, Andrey"]
[Black "Tiviakov, Sergei"]
[Result "1/2-1/2"]
[WhiteElo "2467"]
[BlackElo "2649"]
[PlyCount "74"]
[EventDate "2008.02.02"]
[EventType "swiss"]
[EventRounds "9"]
[EventCountry "RUS"]
[Source "lmi"]
[SourceDate "2008.02.02"]

1. d4 Nf6 2. c4 e6 3. Nc3 Bb4 4. e3 O-O 5. Bd3 d5 6. Nf3 c5 7. O-O dxc4 8. Bxc4
Nc6 9. a3 Bxc3 10. bxc3 Qc7 11. Bd3 e5 12. Qc2 Qe7 13. dxe5 Nxe5 14. Nxe5 Qxe5
15. f3 Rd8 16. Re1 Bd7 17. a4 Bc6 18. e4 Nd5 19. Bd2 Nf4 20. Bf1 Rd7 21. a5
Rad8 22. Be3 a6 23. Rab1 h6 24. Qf2 Nd3 25. Bxd3 Rxd3 26. c4 R8d7 27. Qg3 Qe6
28. Bxc5 Qxc4 29. Rbc1 Qb5 30. Bb6 R7d6 31. h4 Rg6 32. Qf2 Qh5 33. Kh1 Qe5 34.
Rc5 Qd6 35. Rc2 f5 36. e5 Qd7 37. Rce2 f4 1/2-1/2

[Event "4. Moscu Open 2008"]
[Site "Moscu RUS"]
[Date "2008.02.08"]
[Round "7.40"]
[White "Looshnikov, Nikolai"]
[Black "Areshchenko, Alexander"]
[Result "0-1"]
[WhiteElo "2454"]
[BlackElo "2645"]
[PlyCount "38"]
[EventDate "2008.02.02"]
[EventType "swiss"]
[EventRounds "9"]
[EventCountry "RUS"]
[Source "lmi"]
[SourceDate "2008.02.02"]

1. e4 c5 2. Nf3 Nc6 3. Bb5 e6 4. O-O Nge7 5. c3 Qb6 6. Ba4 d5 7. exd5 Nxd5 8.
Ne5 Qc7 9. Nxc6 bxc6 10. d3 Be7 11. Qg4 O-O 12. Bh6 Bf6 13. Nd2 Kh8 14. Bg5 e5
15. Qh4 Nf4 16. Kh1 Ba6 17. c4 Qa5 18. Nb3 Qxa4 19. Nxc5 Qa5 0-1

[Event "4. Moscu Open 2008"]
[Site "Moscu RUS"]
[Date "2008.02.08"]
[Round "7.41"]
[White "Kim, Alexey"]
[Black "Macieja, Bartlomiej"]
[Result "1/2-1/2"]
[WhiteElo "2314"]
[BlackElo "2617"]
[PlyCount "66"]
[EventDate "2008.02.02"]
[EventType "swiss"]
[EventRounds "9"]
[EventCountry "RUS"]
[Source "lmi"]
[SourceDate "2008.02.02"]

1. e4 c5 2. Nf3 g6 3. d4 Bg7 4. Nc3 cxd4 5. Nxd4 Nc6 6. Be3 Nf6 7. Be2 O-O 8.
Nb3 d6 9. O-O Be6 10. f4 Na5 11. Bd4 Rc8 12. Bf3 Nc4 13. Rb1 Qd7 14. a4 a6 15.
h3 b5 16. axb5 axb5 17. Qe1 b4 18. Na2 Na5 19. Nxb4 Nxb3 20. cxb3 Bxb3 21. Qe3
Rc4 22. Bc3 Rb8 23. Nd3 Qb5 24. Ra1 Ra4 25. Rxa4 Qxa4 26. Rc1 Be6 27. Nf2 Ne8
28. f5 Bd7 29. Ng4 Qb3 30. Bd1 Qb6 31. Qxb6 Rxb6 32. Bxg7 Kxg7 33. fxg6 hxg6
1/2-1/2

[Event "4. Moscu Open 2008"]
[Site "Moscu RUS"]
[Date "2008.02.08"]
[Round "7.43"]
[White "Burmakin, Vladimir"]
[Black "Yatsenko, Alexey"]
[Result "1-0"]
[WhiteElo "2611"]
[BlackElo "2442"]
[PlyCount "67"]
[EventDate "2008.02.02"]
[EventType "swiss"]
[EventRounds "9"]
[EventCountry "RUS"]
[Source "lmi"]
[SourceDate "2008.02.02"]

1. d4 d6 2. g3 e5 3. Bg2 Be7 4. e4 Nf6 5. Nc3 c6 6. a4 Nbd7 7. Nge2 b6 8. O-O
a6 9. d5 Bb7 10. dxc6 Bxc6 11. Bg5 O-O 12. Nc1 Bb7 13. a5 b5 14. Bxf6 Nxf6 15.
Nd3 Qc7 16. Nd5 Nxd5 17. exd5 f5 18. Nb4 Bf6 19. c3 Rae8 20. Qd3 g6 21. Qe3 Rc8
22. Rfd1 Rfe8 23. Qd2 Kg7 24. Nc6 e4 25. Nd4 Kh8 26. Ne6 Qf7 27. f3 Bxd5 28.
Qxd5 Qxe6 29. Qxe6 Rxe6 30. fxe4 Be5 31. exf5 Re7 32. fxg6 hxg6 33. Rd2 Kg7 34.
Bd5 1-0

[Event "4. Moscu Open 2008"]
[Site "Moscu RUS"]
[Date "2008.02.08"]
[Round "7.44"]
[White "Vitiugov, Nikita"]
[Black "Sergienko, Sergey"]
[Result "1-0"]
[WhiteElo "2609"]
[BlackElo "2449"]
[PlyCount "85"]
[EventDate "2008.02.02"]
[EventType "swiss"]
[EventRounds "9"]
[EventCountry "RUS"]
[Source "lmi"]
[SourceDate "2008.02.02"]

1. d4 Nf6 2. c4 c5 3. d5 e5 4. Nc3 d6 5. e4 Be7 6. Bd3 Nbd7 7. Nf3 Nf8 8. Be3
Ng6 9. g3 h5 10. h4 Bg4 11. Be2 a6 12. Nh2 Bxe2 13. Qxe2 Rb8 14. a4 Qd7 15. Bd2
Bd8 16. a5 b6 17. axb6 Rxb6 18. Ra2 Ng4 19. Nf1 f5 20. f3 Nf6 21. exf5 Qxf5 22.
Ne3 Qd7 23. Ne4 O-O 24. Ng5 Re8 25. Ne6 Rb3 26. Bc3 Nf8 27. Nxd8 Rxd8 28. Rxa6
Rb7 29. O-O Ng6 30. Qc2 Qf7 31. Kg2 Ne8 32. Qf5 Qxf5 33. Nxf5 Rf7 34. Ne3 Ne7
35. f4 exf4 36. Rxf4 Rxf4 37. gxf4 Rd7 38. Kf3 Kf7 39. f5 Ng8 40. Nf1 Ngf6 41.
Ng3 Re7 42. Kf4 Ng4 43. Ne4 1-0

[Event "4. Moscu Open 2008"]
[Site "Moscu RUS"]
[Date "2008.02.08"]
[Round "7.45"]
[White "Kaidanov, Gregory S"]
[Black "Kurenkov, Nikolai"]
[Result "1-0"]
[WhiteElo "2604"]
[BlackElo "2438"]
[PlyCount "45"]
[EventDate "2008.02.02"]
[EventType "swiss"]
[EventRounds "9"]
[EventCountry "RUS"]
[Source "lmi"]
[SourceDate "2008.02.02"]

1. d4 Nf6 2. c4 c5 3. d5 e5 4. Nc3 d6 5. e4 Be7 6. Be2 Nbd7 7. Nf3 O-O 8. O-O
Ne8 9. a3 g6 10. Bh6 Ng7 11. b4 b6 12. Qd2 Nf6 13. Ne1 Kh8 14. Nd3 Ng8 15. Be3
f5 16. f4 exf4 17. Bxf4 g5 18. Be3 fxe4 19. Nxe4 h6 20. Rxf8 Bxf8 21. bxc5 bxc5
22. g3 Qe7 23. Rf1 1-0

[Event "4. Moscu Open 2008"]
[Site "Moscu RUS"]
[Date "2008.02.08"]
[Round "7.47"]
[White "Eliseev, Alexei"]
[Black "Zakhartsov, Viacheslav V"]
[Result "0-1"]
[WhiteElo "2412"]
[BlackElo "2585"]
[PlyCount "94"]
[EventDate "2008.02.02"]
[EventType "swiss"]
[EventRounds "9"]
[EventCountry "RUS"]
[Source "lmi"]
[SourceDate "2008.02.02"]

1. Nf3 Nf6 2. c4 e6 3. e3 d5 4. b3 Bd6 5. Bb2 O-O 6. Be2 Qe7 7. Nc3 c6 8. O-O
e5 9. cxd5 Nxd5 10. d3 Nxc3 11. Bxc3 Bg4 12. h3 Bh5 13. Nd2 Bxe2 14. Qxe2 Nd7
15. Rfd1 Rad8 16. Rac1 Nb6 17. Nc4 Nd5 18. Bb2 Rfe8 19. a3 Bc7 20. b4 Qe6 21.
Rc2 a6 22. Ba1 Rd7 23. Rb1 Ne7 24. Nd2 Red8 25. Ne4 Bb6 26. Rc3 Nd5 27. Rcb3
Qe7 28. Qc2 Nc7 29. Kf1 Rd5 30. Rd1 f6 31. Rbb1 Ne6 32. Qc4 Kh8 33. Nc3 R5d6
34. Bb2 Bc7 35. Ne4 Rd5 36. Ke2 Qd7 37. Rbc1 f5 38. Ng3 e4 39. d4 Bb8 40. Bc3
Qf7 41. Kf1 Qg6 42. Ne2 f4 43. exf4 Nxf4 44. Nxf4 Bxf4 45. Bd2 Rxd4 46. Qxd4
Rxd4 47. Bxf4 Rd3 0-1

[Event "4. Moscu Open 2008"]
[Site "Moscu RUS"]
[Date "2008.02.08"]
[Round "7.48"]
[White "Minasian, Artashes"]
[Black "Dudukin, Ilya"]
[Result "1-0"]
[WhiteElo "2578"]
[BlackElo "2430"]
[PlyCount "71"]
[EventDate "2008.02.02"]
[EventType "swiss"]
[EventRounds "9"]
[EventCountry "RUS"]
[Source "lmi"]
[SourceDate "2008.02.02"]

1. e4 d5 2. exd5 Nf6 3. Nf3 Nxd5 4. d4 Bf5 5. Be2 e6 6. O-O Be7 7. a3 O-O 8. c4
Nb6 9. Nc3 Nc6 10. Be3 Bf6 11. Rc1 Qc8 12. Qb3 Rd8 13. Rfd1 Rb8 14. h3 h6 15.
Qa2 Ne7 16. Bf4 a6 17. b4 Bh7 18. Rd2 Nf5 19. Rcd1 Nh4 20. Nxh4 Bxh4 21. Bf3
Nd7 22. c5 Re8 23. c6 bxc6 24. Bxc6 Re7 25. Qc4 Nb6 26. Qe2 Nd5 27. Bxd5 exd5
28. Qh5 Qd8 29. Nxd5 Rd7 30. Nxc7 Rb6 31. Qc5 Qf6 32. Be5 Qg6 33. d5 Rb8 34. d6
a5 35. Bg3 Bxg3 36. fxg3 1-0

[Event "4. Moscu Open 2008"]
[Site "Moscu RUS"]
[Date "2008.02.08"]
[Round "7.50"]
[White "Kargin, Arseny"]
[Black "Andriasian, Zaven"]
[Result "0-1"]
[WhiteElo "2386"]
[BlackElo "2532"]
[PlyCount "70"]
[EventDate "2008.02.02"]
[EventType "swiss"]
[EventRounds "9"]
[EventCountry "RUS"]
[Source "lmi"]
[SourceDate "2008.02.02"]

1. e4 c5 2. Nf3 Nc6 3. Bb5 g6 4. O-O Bg7 5. c3 Nf6 6. Re1 O-O 7. d4 d5 8. e5
Ne4 9. Bxc6 bxc6 10. Nbd2 cxd4 11. cxd4 c5 12. dxc5 Nxc5 13. Nb3 Nxb3 14. Qxb3
d4 15. Bg5 h6 16. Bh4 g5 17. Bg3 Bg4 18. Qd3 Bxf3 19. Qxf3 Qb6 20. Re2 Rad8 21.
Rd1 Qe6 22. h4 Rd5 23. hxg5 hxg5 24. Rd3 Rc8 25. Qh5 Qf5 26. Rf3 Rc1+ 27. Kh2
Qh7 28. Qxh7+ Kxh7 29. Rd3 Kg6 30. f4 Rd8 31. Bf2 gxf4 32. Bxd4 Rh8+ 33. Rh3
Rxh3+ 34. gxh3 Kf5 35. Bxa7 f3 0-1

[Event "4. Moscu Open 2008"]
[Site "Moscu RUS"]
[Date "2008.02.08"]
[Round "7.51"]
[White "Bryzgalin, Kirill"]
[Black "Borisenko, Andrei"]
[Result "1/2-1/2"]
[WhiteElo "2531"]
[BlackElo "2420"]
[PlyCount "61"]
[EventDate "2008.02.02"]
[EventType "swiss"]
[EventRounds "9"]
[EventCountry "RUS"]
[Source "lmi"]
[SourceDate "2008.02.02"]

1. d4 Nf6 2. Nf3 b6 3. Bg5 Bb7 4. Nbd2 c5 5. e3 cxd4 6. exd4 e6 7. Bd3 Be7 8.
O-O d6 9. Re1 Nbd7 10. c3 O-O 11. h3 Re8 12. Bf4 Qc7 13. Rc1 Rac8 14. Bg3 Qb8
15. Qa4 Bc6 16. Bb5 Bxb5 17. Qxb5 Qb7 18. a4 a6 19. Qd3 b5 20. axb5 axb5 21. b3
Ra8 22. c4 Ra3 23. Qe2 bxc4 24. bxc4 Rea8 25. Rb1 Qa6 26. Qf1 Bf8 27. Rec1 Rc8
28. Rc2 Ra2 29. Rxa2 Qxa2 30. Rc1 Qb2 31. Qd1 1/2-1/2

[Event "4. Moscu Open 2008"]
[Site "Moscu RUS"]
[Date "2008.02.08"]
[Round "7.52"]
[White "Abdulla, Al-Rakib"]
[Black "Ivanov, Alexey"]
[Result "1-0"]
[WhiteElo "2506"]
[BlackElo "2314"]
[PlyCount "41"]
[EventDate "2008.02.02"]
[EventType "swiss"]
[EventRounds "9"]
[EventCountry "RUS"]
[Source "lmi"]
[SourceDate "2008.02.02"]

1. d4 Nf6 2. c4 e6 3. Nf3 d5 4. Nc3 dxc4 5. Qa4+ Nbd7 6. e4 a6 7. Bxc4 Rb8 8.
Qc2 b5 9. Bd3 Bb7 10. Bf4 Rc8 11. O-O c5 12. d5 c4 13. Be2 exd5 14. Nxd5 Nxd5
15. exd5 Bc5 16. Rad1 O-O 17. Ng5 Re8 18. Bg4 h6 19. Nxf7 Kxf7 20. Be6+ Kf8 21.
Qf5+ 1-0

[Event "4. Moscu Open 2008"]
[Site "Moscu RUS"]
[Date "2008.02.08"]
[Round "7.53"]
[White "Kiselev, Vitaliy"]
[Black "Kalugin, Sergey V"]
[Result "0-1"]
[WhiteElo "2590"]
[BlackElo "2377"]
[PlyCount "44"]
[EventDate "2008.02.02"]
[EventType "swiss"]
[EventRounds "9"]
[EventCountry "RUS"]
[Source "lmi"]
[SourceDate "2008.02.02"]

1. d4 Nf6 2. c4 e6 3. Nf3 b6 4. g3 Ba6 5. b3 d5 6. Bg2 c5 7. O-O Nc6 8. cxd5
exd5 9. Bb2 Rc8 10. Nc3 Be7 11. Rc1 O-O 12. Re1 Re8 13. dxc5 d4 14. Nb1 bxc5
15. Na3 Qb6 16. Nh4 Bf8 17. Qd2 Ne4 18. Bxe4 Rxe4 19. Nf5 h6 20. f3 Re5 21. Qf4
Rce8 22. e4 dxe3 0-1

[Event "4. Moscu Open 2008"]
[Site "Moscu RUS"]
[Date "2008.02.08"]
[Round "7.54"]
[White "Dvalishvili, Pavel S"]
[Black "Pileckis, Emilis"]
[Result "0-1"]
[WhiteElo "2500"]
[BlackElo "2364"]
[PlyCount "102"]
[EventDate "2008.02.02"]
[EventType "swiss"]
[EventRounds "9"]
[EventCountry "RUS"]
[Source "lmi"]
[SourceDate "2008.02.02"]

1. e4 c5 2. Nc3 Nc6 3. f4 g6 4. Nf3 Bg7 5. Bb5 Nd4 6. Nxd4 cxd4 7. Ne2 Qb6 8.
Bd3 d5 9. e5 f6 10. exf6 Nxf6 11. O-O Bf5 12. a4 a5 13. Bb5+ Kf7 14. d3 h5 15.
Kh1 h4 16. h3 Nh5 17. Rf3 Ng3+ 18. Nxg3 hxg3 19. Rxg3 Qe6 20. Kg1 Rh4 21. Bd2
Rah8 22. Qe1 Qc8 23. Rc1 b6 24. c4 dxc3 25. Bxc3 Qc5+ 26. Kh2 Bxc3 27. bxc3 Qd6
28. Kg1 Rxf4 29. Rf3 g5 30. Rxf4 gxf4 31. Rc2 e5 32. Re2 d4 33. cxd4 Qxd4+ 34.
Kh2 Kf6 35. Rc2 Qe3 36. Qf2 Qxf2 37. Rxf2 Rd8 38. Rb2 Rd6 39. Kg1 Kg5 40. Rb3
Rd4 41. Kf2 Rb4 42. Rc3 Be6 43. Rc2 Bb3 44. Rb2 Bd1 45. Rxb4 axb4 46. Ke1 Bb3
47. Bc6 Kh4 48. Kd2 Kg3 49. Ke1 Be6 50. Kd2 b3 51. Kc3 Bf5 0-1

[Event "4. Moscu Open 2008"]
[Site "Moscu RUS"]
[Date "2008.02.08"]
[Round "7.55"]
[White "Safin, Shukhrat"]
[Black "Klimov, Anton"]
[Result "1/2-1/2"]
[WhiteElo "2493"]
[BlackElo "2351"]
[PlyCount "75"]
[EventDate "2008.02.02"]
[EventType "swiss"]
[EventRounds "9"]
[EventCountry "RUS"]
[Source "lmi"]
[SourceDate "2008.02.02"]

1. d4 Nf6 2. c4 g6 3. Nc3 Bg7 4. g3 O-O 5. Bg2 d6 6. Nf3 c6 7. O-O Qb6 8. h3
Qa6 9. b3 b5 10. cxb5 cxb5 11. a4 b4 12. Nb5 Qb6 13. Ne5 dxe5 14. dxe5 Nc6 15.
Be3 Qb7 16. exf6 Bxf6 17. Rc1 Bd7 18. Qd2 a6 19. Rfd1 Rfd8 20. Na7 Bc3 21. Qd3
Be6 22. Bxc6 Rxd3 23. Bxb7 Rxd1+ 24. Rxd1 Bxb3 25. Rb1 Bc2 26. Rxb4 Rxa7 27.
Rb6 Kg7 28. a5 e5 29. Bc5 Ba4 30. Rb1 Rxb7 31. Rxb7 Bxa5 32. Bb4 Bc6 33. Rb8
Bxb4 34. Rxb4 Bb5 35. Kf1 Kf6 36. Ke1 Ke6 37. Kd2 h5 38. h4 1/2-1/2

[Event "4. Moscu Open 2008"]
[Site "Moscu RUS"]
[Date "2008.02.08"]
[Round "7.56"]
[White "Kalashian, David"]
[Black "Voitsekhovsky, Stanislav"]
[Result "1/2-1/2"]
[WhiteElo "2379"]
[BlackElo "2493"]
[PlyCount "67"]
[EventDate "2008.02.02"]
[EventType "swiss"]
[EventRounds "9"]
[EventCountry "RUS"]
[Source "lmi"]
[SourceDate "2008.02.02"]

1. d4 Nf6 2. c4 g6 3. Nc3 Bg7 4. e4 d6 5. Be2 O-O 6. Bg5 c5 7. d5 Qb6 8. Qd2 e6
9. Nf3 exd5 10. Bxf6 Bxf6 11. Nxd5 Qd8 12. Nxf6+ Qxf6 13. O-O-O Rd8 14. h4 Nc6
15. h5 Bg4 16. hxg6 hxg6 17. Ne1 Bxe2 18. Qxe2 Nd4 19. Qd2 b5 20. Nc2 Nxc2 21.
Qxc2 bxc4 22. Qxc4 Rab8 23. Qc3 Qxc3+ 24. bxc3 Rb6 25. Kc2 Ra6 26. Kb2 Kg7 27.
Ka1 Rb8 28. Rb1 Rab6 29. Rxb6 Rxb6 30. f4 Rb7 31. Re1 Re7 32. e5 g5 33. g3 Kg6
34. Kb2 1/2-1/2

[Event "4. Moscu Open 2008"]
[Site "Moscu RUS"]
[Date "2008.02.08"]
[Round "7.57"]
[White "Tarlev, Konstantin"]
[Black "Pisakov, Ilia"]
[Result "1-0"]
[WhiteElo "2492"]
[BlackElo "2344"]
[PlyCount "44"]
[EventDate "2008.02.02"]
[EventType "swiss"]
[EventRounds "9"]
[EventCountry "RUS"]
[Source "lmi"]
[SourceDate "2008.02.02"]

1. Nc3 e5 2. Nf3 Nc6 3. d4 exd4 4. Nxd4 Nf6 5. Bg5 Bc5 6. Nxc6 bxc6 7. e4 d6 8.
Bd3 h6 9. Bh4 g5 10. Bg3 Bg4 11. Be2 Be6 12. e5 dxe5 13. Qxd8+ Rxd8 14. Bxe5
Bd4 15. Bxc7 Rd7 16. Bg3 O-O 17. O-O-O Bxc3 18. bxc3 Rb7 19. Bd3 Bxa2 20. Kd2
Rd8 21. Be5 Ne4+ 22. Ke3 Re8 1-0

[Event "4. Moscu Open 2008"]
[Site "Moscu RUS"]
[Date "2008.02.08"]
[Round "7.58"]
[White "Sitnikov, Anton"]
[Black "Kozlov, Vladimir N"]
[Result "1-0"]
[WhiteElo "2450"]
[BlackElo "2337"]
[PlyCount "51"]
[EventDate "2008.02.02"]
[EventType "swiss"]
[EventRounds "9"]
[EventCountry "RUS"]
[Source "lmi"]
[SourceDate "2008.02.02"]

1. e4 c5 2. Nf3 d6 3. d4 cxd4 4. Nxd4 Nf6 5. Nc3 Nc6 6. Bg5 e6 7. Qd2 a6 8.
O-O-O Be7 9. f4 Nxd4 10. Qxd4 b5 11. Be2 Rb8 12. e5 dxe5 13. Qxe5 Qb6 14. f5
Rb7 15. Bf3 Rc7 16. Bf4 Rc5 17. Qe3 a5 18. g4 Nd7 19. Rhe1 O-O 20. Nd5 Rxd5 21.
Rxd5 Bc5 22. Rxc5 Nxc5 23. Be5 Nd7 24. Qxb6 Nxb6 25. Bd6 Re8 26. Bc7 1-0

[Event "4. Moscu Open 2008"]
[Site "Moscu RUS"]
[Date "2008.02.08"]
[Round "7.59"]
[White "Zolotukhin, Valery"]
[Black "Ponkratov, Pavel"]
[Result "0-1"]
[WhiteElo "2330"]
[BlackElo "2489"]
[PlyCount "100"]
[EventDate "2008.02.02"]
[EventType "swiss"]
[EventRounds "9"]
[EventCountry "RUS"]
[Source "lmi"]
[SourceDate "2008.02.02"]

1. e4 e6 2. d4 d5 3. Nc3 Bb4 4. e5 c5 5. a3 Bxc3+ 6. bxc3 Qc7 7. Qg4 f6 8. Nf3
c4 9. Be2 Qf7 10. O-O Nc6 11. a4 Bd7 12. Ba3 Nh6 13. Qh3 O-O-O 14. a5 Qg6 15.
Ne1 fxe5 16. dxe5 Nxe5 17. Qe3 Nc6 18. Nf3 Ng4 19. Qc5 Kb8 20. Rfb1 Ka8 21. Qb5
Rb8 22. Bc5 Qf6 23. Bxa7 Nxa7 24. Qxd7 Rhd8 25. Qa4 Qf8 26. Rb6 Qc5 27. Nd4
Nxf2 28. Qb4 Ne4 29. Qxc5 Nxc5 30. Nxe6 Nxe6 31. Rxe6 Nb5 32. Bf3 Nxc3 33. Re7
g6 34. Rxh7 Rd6 35. h4 Ka7 36. a6 Rxa6 37. Rxa6+ Kxa6 38. Rg7 b5 39. Rxg6+ Ka5
40. Rd6 Kb4 41. h5 Kc5 42. Rd7 b4 43. Bg4 b3 44. cxb3 cxb3 45. Rc7+ Kd4 46. Bf5
Ne4 47. Bxe4 dxe4 48. Rc1 b2 49. Rb1 Kd3 50. g4 Kc2 0-1

[Event "4. Moscu Open 2008"]
[Site "Moscu RUS"]
[Date "2008.02.08"]
[Round "7.60"]
[White "Melkumyan, Hrant"]
[Black "Hovhannisyan, Robert"]
[Result "0-1"]
[WhiteElo "2485"]
[BlackElo "2319"]
[PlyCount "100"]
[EventDate "2008.02.02"]
[EventType "swiss"]
[EventRounds "9"]
[EventCountry "RUS"]
[Source "lmi"]
[SourceDate "2008.02.02"]

1. d4 d5 2. c4 c6 3. Nf3 Nf6 4. e3 Bg4 5. h3 Bh5 6. Nc3 e6 7. g4 Bg6 8. Ne5
Nbd7 9. Nxg6 hxg6 10. g5 Ne4 11. Nxe4 dxe4 12. h4 Bb4+ 13. Bd2 Qa5 14. Bg2 Ne5
15. b3 Nd3+ 16. Ke2 Bxd2 17. Qxd2 Qxd2+ 18. Kxd2 Nxf2 19. Rhf1 Ng4 20. Rf4 Rxh4
21. Rh1 Rxh1 22. Bxh1 f5 23. gxf6 Nxf6 24. Bxe4 g5 25. Bg6+ Ke7 26. Rf2 Rh8 27.
Rg2 g4 28. Bc2 Rh5 29. Bd1 Rg5 30. Kd3 g3 31. Bf3 e5 32. b4 Rf5 33. Be2 e4+ 34.
Kd2 Rf3 35. Rg1 Ke6 36. a4 Kf5 37. b5 Kg4 38. a5 cxb5 39. a6 b6 40. c5 bxc5 41.
dxc5 Nd5 42. Bxb5 Nxe3 43. Bd7+ Kf4 44. c6 Rf2+ 45. Kc3 g2 46. Kb3 Rc2 47. Re1
Rc5 48. Rg1 Kf3 49. Kb4 Rc4+ 50. Kb5 Kf2 0-1

[Event "4. Moscu Open 2008"]
[Site "Moscu RUS"]
[Date "2008.02.08"]
[Round "7.61"]
[White "Urjubdshzirov, Erdni"]
[Black "Naumkin, Igor"]
[Result "0-1"]
[WhiteElo "2173"]
[BlackElo "2475"]
[PlyCount "90"]
[EventDate "2008.02.02"]
[EventType "swiss"]
[EventRounds "9"]
[EventCountry "RUS"]
[Source "lmi"]
[SourceDate "2008.02.02"]

1. e4 e5 2. Nf3 Nc6 3. Bb5 a6 4. Ba4 Nf6 5. O-O Be7 6. Re1 b5 7. Bb3 O-O 8. d4
d6 9. c3 Bg4 10. d5 Na5 11. Bc2 c6 12. dxc6 Qc7 13. h3 Be6 14. Nbd2 h6 15. Nf1
Qxc6 16. Ng3 Rfe8 17. a4 Nc4 18. Qe2 Nd7 19. Nf5 Bxf5 20. exf5 d5 21. axb5 axb5
22. Rxa8 Qxa8 23. Nh2 Qc6 24. Ng4 e4 25. Bf4 Nxb2 26. Qe3 Nc4 27. Qg3 Kh7 28.
Kh1 Nd6 29. Ne3 Nf6 30. Be5 Nc4 31. Nxc4 Qxc4 32. f3 Nh5 33. Qg4 Bf6 34. Qxh5
Rxe5 35. fxe4 Qxc3 36. Re2 Qa1+ 37. Kh2 dxe4 38. Bxe4 Re7 39. Bd3 Qd1 40. Qf3
Re5 41. Be4 b4 42. Qd3 Qf1 43. g3 b3 44. Rb2 Qa1 45. Rxb3 Rxe4 0-1

[Event "4. Moscu Open 2008"]
[Site "Moscu RUS"]
[Date "2008.02.08"]
[Round "7.62"]
[White "Tunik, Gennady"]
[Black "Kozlov, Gennady"]
[Result "1-0"]
[WhiteElo "2473"]
[BlackElo "2224"]
[PlyCount "109"]
[EventDate "2008.02.02"]
[EventType "swiss"]
[EventRounds "9"]
[EventCountry "RUS"]
[Source "lmi"]
[SourceDate "2008.02.02"]

1. d4 Nf6 2. c4 e6 3. Nf3 b6 4. g3 Bb7 5. Bg2 Be7 6. Nc3 Ne4 7. Nxe4 Bxe4 8.
O-O O-O 9. Bf4 d6 10. Qd2 f5 11. b4 c5 12. dxc5 dxc5 13. Qxd8 Rxd8 14. b5 Nd7
15. Rad1 Rac8 16. Rd2 Nf8 17. Rfd1 Rxd2 18. Rxd2 Bxf3 19. Bxf3 g5 20. Bb7 Re8
21. Bc6 Rc8 22. Be5 Kf7 23. f4 Bf6 24. Bxf6 Kxf6 25. e4 gxf4 26. gxf4 fxe4 27.
Bxe4 Rc7 28. Kf2 Ng6 29. Ke3 Rg7 30. Rd8 Nh4 31. Rf8+ Ke7 32. Rc8 Kf6 33. a4
Nf5+ 34. Bxf5 Kxf5 35. Rf8+ Kg4 36. Rf6 Rd7 37. Rxe6 Rd1 38. Rh6 Re1+ 39. Kd3
Kxf4 40. Rxh7 Ra1 41. Rxa7 Ra3+ 42. Kc2 Ke4 43. a5 bxa5 44. Rd7 a4 45. h4 Ra2+
46. Kc3 Ra3+ 47. Kb2 Rh3 48. Rd5 Rb3+ 49. Ka2 Rb4 50. Rh5 Kd4 51. Rg5 Kc3 52.
Rg3+ Kc2 53. Rg2+ Kc3 54. h5 Rxc4 55. Rh2 1-0

[Event "4. Moscu Open 2008"]
[Site "Moscu RUS"]
[Date "2008.02.08"]
[Round "7.63"]
[White "Kolmakov, Pavel"]
[Black "Chadaev, Nikolai"]
[Result "0-1"]
[WhiteElo "2241"]
[BlackElo "2471"]
[PlyCount "74"]
[EventDate "2008.02.02"]
[EventType "swiss"]
[EventRounds "9"]
[EventCountry "RUS"]
[Source "lmi"]
[SourceDate "2008.02.02"]

1. e4 c5 2. Nf3 g6 3. c4 Bg7 4. d4 cxd4 5. Nxd4 Nc6 6. Be3 Nf6 7. Nc3 O-O 8.
Be2 d6 9. h3 Nxd4 10. Bxd4 Be6 11. O-O Qa5 12. Qd2 Nxe4 13. Qf4 Nxc3 14. bxc3
b6 15. a4 Rac8 16. Rfb1 Bxd4 17. Qxd4 Qc5 18. a5 Qxd4 19. cxd4 Bxc4 20. Bxc4
Rxc4 21. axb6 axb6 22. Ra7 Re8 23. d5 Rc5 24. Rxb6 Rxd5 25. Rbb7 Rd1+ 26. Kh2
Re1 27. f4 Kf8 28. g4 Rc8 29. f5 Re3 30. Kg2 gxf5 31. gxf5 Rc2+ 32. Kf1 Rxh3
33. Kg1 Re3 34. Kf1 f6 35. Rb8+ Kf7 36. Rh8 Rh3 37. Kg1 Rc5 0-1